Solid wastes (Record no. 57890)
[ view plain ]
| 000 -LEADER | |
|---|---|
| fixed length control field | 00473nam a2200133 a 4500 |
| 008 - FIXED-LENGTH DATA ELEMENTS--GENERAL INFORMATION | |
| fixed length control field | 120416s9999 xx |||||||||||||| || u |
| 050 ## - LIBRARY OF CONGRESS CALL NUMBER | |
| Classification number | TD 791 Tch |
| 100 ## - MAIN ENTRY--PERSONAL NAME | |
| Personal name | Eliassen, Rolf |
| 245 10 - TITLE STATEMENT | |
| Title | Solid wastes |
| 246 ## - VARYING FORM OF TITLE | |
| Title proper/short title | engineering principles and management issues |
| 350 ## - PRICE (NR) (BK AM CF MU VM SE) [OBSOLETE] | |
| Price | 0.00 |
| 700 ## - ADDED ENTRY--PERSONAL NAME | |
| Personal name | Tchobanoglous, George |
| 995 ## - RECOMMENDATION 995 [LOCAL, UNIMARC FRANCE] | |
| -- | 0.00 |
| -- | CBU-MAIN LIBRARY (Kitwe) |
| -- | 1 |
| -- | 19.85 |
| -- | AVAILABLE |
| -- | Annex Low-Usage Collection |
| Withdrawn status | Lost status | Source of classification or shelving scheme | Damaged status | Not for loan | Home library | Current library | Shelving location | Date acquired | Total Checkouts | Full call number | Barcode | Date last seen | Price effective from | Koha item type |
|---|---|---|---|---|---|---|---|---|---|---|---|---|---|---|
| CBU-MAIN LIBRARY, KITWE. | CBU-MAIN LIBRARY, KITWE. | 11/30/2022 | TD 791 Tch | 015747 | 11/30/2022 | 11/30/2022 | MONOGRAPH |